Report on work of the central land board : for financial year 1958-59 (Record no. 425913)

000 -LEADER
fixed length control field 00307cam a22000977a 4500
008 - FIXED-LENGTH DATA ELEMENTS--GENERAL INFORMATION
fixed length control field 180718b1959 xxu||||| |||| 00| 0 eng d
082 ## - DEWEY DECIMAL CLASSIFICATION NUMBER
Classification number Y1x42 1958-59
245 ## - TITLE STATEMENT
Title Report on work of the central land board : for financial year 1958-59
260 ## - PUBLICATION, DISTRIBUTION, ETC.
Place of publication, distribution, etc. London
Name of publisher, distributor, etc. Her Majesty's Stationery Office
Date of publication, distribution, etc. 1959
300 ## - PHYSICAL DESCRIPTION
Extent 9p.
Holdings
Withdrawn status Lost status Damaged status Not for loan Permanent Location Current Location Date acquired Full call number Barcode Date last seen Price effective from Koha item type
        Indian Institute of Public Administration Indian Institute of Public Administration 2009-10-16 Y1x42 1958-59 21574 2018-07-21 2018-07-21 Book

Powered by Koha